000 00414nam a2200193Ia 4500
003 IT-RoPAU
008 120407s9999 xx 000 0 und d
040 _aIT-RoPAU
040 _cIT-RoPAU
041 _aita
100 _aLuigi Giovannini
245 _aBreve repertorio di storia della chiesa.
260 _aUt Unum Sint
260 _c1980
300 _c cm
490 _v1
942 _cBK
999 _c17593
_d17593